Tous les champions des 55 championnats européens 2022-2023 - Statistiques

Statistiques générales
  • Ce quiz a été pris 47 fois
  • Le résultat moyen est 20 sur 55
Statistiques - réponses
Hint Réponse % Correct
Allemagne Bayern
100%
France PSG
100%
Espagne Barcelone
98%
Angleterre Manchester city
98%
Italie Naples
95%
Portugal Benfica
91%
Pays-bas Feyenoord
86%
Ecosse Celtic
84%
Turquie Galatasaray
84%
Autriche Salzburg
74%
Danemark Copenhague
70%
Suisse Young boys
70%
Serbie Etoile rouge
67%
Belgique Antwerp
63%
Israel Maccabi Haifa
60%
Croatie Dinamo Zagreb
58%
République Tchèque Sparta Prague
53%
Russie Zenit
53%
Grèce AEK Athènes
47%
Kazakstan Astana
47%
Azerbaidjan Qarabag
42%
Bulgarie Ludogorets
40%
Hongrie Ferencvaros
37%
Norvège Molde
37%
Moldavie Sheriff
37%
Irlande Shamrock
33%
Liechtenstein Vaduz
33%
Slovaquie Slovan Bratislava
30%
Finlande HJK
28%
Pays de Galles The new saints
16%
Estonie Flora
14%
Suède Hacken
14%
Irlande du Nord Larne
14%
Roumanie Farul
12%
Malte Hamrun
12%
Iles féroé Klaksvik
12%
Gibraltar Lincoln
12%
Macédoine du Nord Struga
12%
Chypre Aris Limassol
9%
Albanie Partizani
9%
Pologne Rakow Czestochowa
9%
Arménie Urartu
9%
Lettonie Valmiera
9%
Kosovo Ballkani
7%
Islande Breidablik
7%
Saint Marin Tre Penne
7%
Bosnie-Herzégovine Zrinjski Mostar
7%
Ukraine Chaktior Donetsk
2%
Luxembourg Swift Hesperange
2%
Andorre Atletic Escaldes
0%
Georgie Dinamo Tbilisi
0%
Slovenie Olimpija Ljubijana
0%
Bielorussie Shaktyor
0%
Monténégro Sutjeska Niksic
0%
Lituanie Zaigiris
0%
Aucun quiz correspondant
Distribution des résultats
% des personnes avec chaque résultat
Percentile par nombre de réponses
Votre historique - résultats
Vous n’avez pas pris ce quiz